Broadway Musicals Before and After Intermission Quiz Stats

Quiz Updated Mar 10, 2015

Challenge
Share
Tweet
Embed
Score 0/30 Timer 05:00
2 Plays Today
Act 1 Closer Musical % Correct
Hakuna MatataThe Lion King
98.4%
Climb Ev'ry MountainThe Sound of Music
93.8%
Defying GravityWicked
86.1%
A New ArgentinaEvita
83.6%
We Go TogetherGrease
83.6%
One Day MoreLes Misérables
79.6%
Tonight Quintet and Chorus/The RumbleWest Side Story
76.5%
MemoryCats
75.1%
La Vie Bohème A/I Should Tell You/La Vie Bohème BRent
72.5%
All I Ask of You (Reprise)Phantom of the Opera
67.8%
Damned for All Time/Blood MoneyJesus Christ Superstar
66.2%
Go, Go, Go JosephJoseph and the Amazing Technicolor Dreamcoat
63.4%
Eliza's Entrance/Embassy WaltzMy Fair Lady
62.1%
Pinball WizardThe Who's Tommy
49.9%
Big, Blonde, and BeautifulHairspray
49.2%
Act 1 Closer Musical % Correct
Walk Like a Man (Reprise)Jersey Boys
45.5%
There's a Fine, Fine LineAvenue Q
44.5%
Everything's Coming Up RosesGypsy
43.6%
The Wells Fargo WagonThe Music Man
40.6%
Finale: Act I (Some Enchanted Evening)South Pacific
39.7%
Whatever Lola Wants, Lola GetsDamn Yankees
36.7%
Maybe (Reprise)Annie
35.4%
A Little PriestSweeney Todd: The Demon Barber of Fleet Street
33.8%
The Bottle DanceFiddler on the Roof
30%
AnthemChess
29.7%
Run Away!Monty Python's Spamalot
25.8%
Man UpThe Book of Mormon
25.4%
Angry DanceBilly Elliot: The Musical
24.9%
JimmyThoroughly Modern Millie
22.3%
Marry Me a LittleCompany
18.5%

You're not logged in!

Compare scores with friends on all Sporcle quizzes.
Join for Free
OR
Log In

You Might Also Like...

Show Comments

Extras

Top Quizzes Today


Score Distribution

Your Account Isn't Verified!

In order to create a playlist on Sporcle, you need to verify the email address you used during registration. Go to your Sporcle Settings to finish the process.

Report this User

Report this user for behavior that violates our Community Guidelines.

Details: